000 00958 a2200217 4500
001 122975
020 _a9788539416509
040 _cEscola Canadense de Niteroi
090 _aR2 - GIR
100 _aGirassol
245 1 0 _aO Rei Leão
260 _aSão Paulo
300 _bil.
_c8 x 19.4 x 0.4 cm
362 0 _a2015
490 0 _aDisney Clássicos Ilustrados
520 _aSimba é um alegre filhote de leão. Um dia, em uma armadilha, o pai de Simba morre e o pequeno foge dali muito assustado e não assume o trono com o rei dos animais. Sozinho e sem ter para onde ir, Simba passa a viver na floresta e levar uma vida livre de preocupações, mas nunca esqueceu o pai e sua missão como rei. Simba conseguirá superar o medo e assumir o trono? Viaje pelas histórias deste livro e descubra como termina esta linda história.
650 4 _aLivros que Possuem Filmes
650 4 _aLiteratura Infantil
650 4 _aSuperação
942 _cBK
999 _c122975
_d122975